Pilotes vainqueurs de Grand Prix en MotoGP - Statistiques

Statistiques générales
  • Ce quiz a été pris 200 fois
    164 depuis la dernière actualisation
  • Le résultat moyen est 17 sur 35
Statistiques - réponses
Pilote % Correct
Rossi
96%
Marquez
95%
Quartararo
92%
Zarco
87%
Bagnaia
82%
Mir
75%
Lorenzo
74%
Martin
72%
Miller
70%
Pedrosa
69%
Espargaro
68%
Stoner
68%
Rins
67%
Bastianini
66%
Binder
66%
Viñales
62%
Morbidelli
56%
Oliveira
56%
Dovizioso
50%
Hayden
45%
Bezzechi
43%
Biaggi
36%
Capirossi
32%
Petrucci
32%
Iannone
24%
Gibernau
22%
Crutchlow
21%
Melandri
15%
Ukawa
9%
Elias
7%
Spies
6%
Barros
4%
Bayliss
4%
Tamada
4%
Vermeulen
3%
Aucun quiz correspondant
Distribution des résultats
% des personnes avec chaque résultat
Percentile par nombre de réponses
Votre historique - résultats
Vous n’avez pas pris ce quiz depuis la dernière actualisation